000 004480000a22001810004500
003 MACL
005 20160114133048.0
008 160114b xxu||||| |||| 00| 0 eng d
040 _aMACL
_cMACL
041 _aEnglish
082 _a610
100 _aHeimlich, Henry J
_932207
245 _aHome Guide to Medical Emergencies
260 _bOrient Paperbacks
_c1984
_aDelhi
350 _a30
650 _aMedical Science
_932208
942 _cBK
_k610
_2ddc
999 _c6001
_d6001